000 00968nam a2200313Ia 4500
003 OSt
005 20221007121419.0
006 a|||||r|||| 00| 0
007 ta
008 221006b |||||||| |||| 00| 0 eng d
020 _a9788172339920 (hbk)
024 _a196533
037 _cTextual
040 _aBDL
_cBDL
_beng
041 _2eng
_aeng
082 _aI:f, Q6 Carb
100 _aNarayana P. Suresh
_9711860
245 0 _aResearch methodology in plant science
_b Varalakshmi D Pullaiah T.
260 _aNew
_bDelhi Scientific Publishers
_c2016
300 _axiv,388p. ill.
_ccm.
500 _aRefferences 383-388P.
650 _a Chromatography
_9459460
650 _a Electrophoresis
_9472908
650 _aCentrifugation
_9711861
700 _a Pullaiah T.
_9711862
700 _a Varalakshmi D
_9711863
942 _hI:f, Q6 Carb
_cTEXL
_2CC
999 _c1208860
_d1208860